000 01197nam a2200229Ia 4500
001 L840-49780
003 IT-CnALBA
008 170116s9999||||xx |||||||||||||| ||und||
040 _aIT-CnALBA
_cIT-CnALBA
041 _aITALIANO
100 _aMALOUF DAVID
245 0 _aRITORNO A BABILONIA. ROMANZO.
250 _a1a ed.
260 _aTORINO
_bFRASSINELLI TIPOGR. EDIT.
_c1997 [1° Ed.:1997 - Ed.Ling.Originale: 1993]
300 _a217 p.
500 _aTRADUZIONE DALL'INGLESE. MITI POESIA STORIA DI VASTO E ANTICO CONTINENTE. SPIRITO D'AVVENTURA. STORIA UNIVERSALE. VIOLENZA DEL MONDO COME ESPRESSA DA GOYA. ESALTAZIONE DELLA GENTILEZZA D'ANIMO. STORIA DI GEMMY, UN BIANCO ABBANDONATO DA UNA NAVE SULLE COST
501 _aSocietà San Paolo EM - Piazza San Paolo, 14 - 12051 ALBA (CN) (non commercial uses only) ® Copyright 2017
520 _aTRADUZIONE DALL'INGLESE. MITI POESIA STORIA DI VASTO E ANTICO CONTINENTE. SPIRITO D'AVVENTURA. STORIA UNIVERSALE. VIOLENZA DEL MONDO COME ESPRESSA DA GOYA. ESALTAZIONE DELLA GENTILEZZA D'ANIMO. STORIA DI GEMMY, UN BIANCO ABBANDONATO DA UNA NAVE SULLE COST
650 _aLETTERATURA FRANCESE E ALTRE
942 _cBK
957 _71
999 _a56305
_bNO
_g Copie: 1
_c308693
_d308693